| 000 | 01173njm a22002417a 4500 | ||
|---|---|---|---|
| 005 | 20100910114559.0 | ||
| 007 | sd ammalaaahaa | ||
| 008 | 100830t xxu||||| |||| 00| 0 hin d | ||
| 028 |
_a45-MGM-1185 _bGramophon co. |
||
| 035 | _aGR-01867 | ||
| 040 | _aSED/VEN | ||
| 100 |
_917458 _aConnie Francis |
||
| 245 |
_aPreety little baby/ _h[Sound recording] : _cby Connie Francis |
||
| 246 | _aप्रीटी लीत्त्ल बेबी / | ||
| 260 |
_aDum Dum, India _bMGM _c1963 |
||
| 300 |
_a1 Sound disc [Gramophone Record] : _banalog, 33 1/3 rpm _c7 in (LP) _fGramophone Records |
||
| 500 | _aBrief record | ||
| 505 | _aपार्ट १ प्रीटी लीत्त्ल बेबी (कन्नी फ्रांसिस ) Part 1 Preety little baby (connie Francis) पार्ट २ इ 'म कन्नी बे वर्म थिस विंटर (हंटर बरकन ) Part 2 I'M Connie Be Warm this winter (hunter Barkan) | ||
| 650 |
_aOrchestra _91186 _zIndia _xExcerpts |
||
| 700 | _919239 | ||
| 942 |
_2ddc _cGR |
||
| 999 |
_c45039 _d45039 |
||